Electric Countries Quiz Stats

 Plays Quiz Updated Jul 13, 2016

Support Sporcle.
Go Orange.
Score 0/30 Timer 06:00
5 Plays Today
Rank Country % Correct
19United States of America
96.8%
11Russia
93.3%
12China
93.3%
3Canada
91.1%
1France
90.5%
2Germany
89%
10Spain
83.7%
8Norway
80.7%
6Sweden
79.4%
16Poland
72.7%
20Denmark
70%
9Austria
69%
5Switzerland
68.2%
14Netherlands
68.1%
24Belgium
63.6%
Rank Country % Correct
13South Africa
60.9%
7Czechia
58.2%
22Hungary
57.2%
25Iran
57.2%
15Slovakia
53.8%
23Slovenia
49.5%
28Belarus
48.3%
17Bulgaria
44.8%
26Serbia
44.7%
29Estonia
41.8%
30Israel
41.1%
4Paraguay
16.9%
18Uzbekistan
15.6%
21Mozambique
9%
27Bhutan
8.3%

From the Vault

Pick 3 Things From a Menu

by shirleyalpha

Do the three items together make a combo meal?
Remove Ads.
Support Sporcle.
Get the best of Sporcle when you Go Orange. This ad-free experience offers more features, more stats, and more fun while also helping to support Sporcle. Thank you for becoming a member.

Show Comments

Extras

Top Quizzes Today


Score Distribution

Your Account Isn't Verified!

In order to create a playlist on Sporcle, you need to verify the email address you used during registration. Go to your Sporcle Settings to finish the process.

Report this User

Report this user for behavior that violates our Community Guidelines.

Details: